Statistics for Every Country visited by Top Gear / The Grand Tour

Click here to take the quiz!

General Stats

  • This quiz has been taken 30 times
  • The average score is 45 of 62

Answer Stats

Thing they didCountry% Correct
SpecialArgentina
100%
Bugatti Veyron vs. Cessna 182Italy
100%
Most ThingsUnited Kingdom
100%
Racing A TransitGermany
94%
First SpecialUnited States
94%
SpecialVietnam
94%
McLaren P1 TestBelgium
88%
Polar SpecialCanada
88%
SpecialChile
88%
Testing local car industryChina
88%
Aston Martin vs. EurostarFrance
88%
SpecialIndia
88%
Nissan GT-R vs TrainJapan
88%
Cadillac STS ReviewNetherlands
88%
Road Trip with weird CarsPoland
88%
City RaceRussia
88%
Classic Car RallyeSpain
88%
Mercedes SLR RaceSweden
88%
Search for the World's best driving RoadSwitzerland
88%
GT Car Road TripAustralia
81%
Training for the Polar SpecialAustria
81%
Mercedes SLR RaceDenmark
81%
Tent LocationFinland
81%
Mastretta MXT ReviewMexico
81%
Mercedes SLR RaceNorway
81%
Testing the Holy TrinityPortugal
81%
Transfagarasan Highway Road TripRomania
81%
918 Spyder vs. Veyron Drag RaceUnited Arab Emirates
81%
SpecialBolivia
75%
Driving over a LakeIceland
75%
High Performance Hatchback RaceMonaco
75%
Road Trip with weird CarsSlovenia
75%
Marauder TestSouth Africa
75%
SpecialTurkey
75%
City Car Road TripUkraine
75%
SpecialBotswana
69%
Fiat 500 vs. BMX RidersHungary
69%
SpecialIraq
69%
SpecialIsrael
69%
SpecialJordan
69%
Rental vs. CatamaranNew Zealand
69%
Road Trip with weird CarsSlovakia
69%
Boat TripCambodia
63%
SpecialColombia
63%
Unscripted Road TripCroatia
63%
Roadster Road TripMorocco
63%
SpecialMyanmar
63%
SpecialSyria
63%
SpecialThailand
63%
Luxury Car Road TripAlbania
56%
Building A CarMongolia
50%
Beach Buggy TripNamibia
50%
SpecialTanzania
50%
May visits Camp BastionAfghanistan
44%
GT Car Road TripAzerbaijan
44%
GT Car Road TripGeorgia
44%
Search for the World's best driving RoadLiechtenstein
44%
Performance Car Offroad TripMadagascar
44%
Delivering FishMozambique
44%
SpecialUganda
38%
SpecialRwanda
31%
Creating Coral ReefsBarbados
19%

Score Distribution

Percentile by Number Answered

Percent of People with Each Score

Your Score History

You have not taken this quiz